[Event "Tournoi Accession REUNION 2019"]
[Site "Le TAMPON- BRAS PANON- SAINT D"]
[Date "2019.06.08"]
[Round "5.4"]
[White "Larmet, Nino"]
[Black "Frelicot, Eric"]
[Result "0-1"]
[WhiteElo "1553"]
[BlackElo "1625"]
[PlyCount "82"]
[EventDate "2019.??.??"]

1. e4 g6 2. d4 Bg7 3. Nf3 d6 4. c3 a6 5. a4 Nd7 6. Bd3 Ngf6 7. O-O O-O 8. h3 e5
9. Bg5 Qe8 10. Nbd2 b6 11. Re1 Bb7 12. Rc1 h6 13. Be3 Nh5 14. g4 Nf4 15. Bxf4
exf4 16. Nh4 Qd8 17. Ndf3 Nf6 18. Qb3 Kh7 19. Ng2 d5 20. e5 Ne4 21. Nxf4 f5 22.
Ne6 Qd7 23. Nxf8+ Rxf8 24. Bxe4 dxe4 25. Nh2 fxg4 26. hxg4 Qf7 27. Qxf7 Rxf7
28. Re2 c5 29. Rd1 cxd4 30. cxd4 Rd7 31. Red2 Bd5 32. Nf1 h5 33. gxh5 gxh5 34.
Re1 Bh6 35. Ne3 Rg7+ 36. Kh1 b5 37. axb5 axb5 38. Rg1 Ba8 39. Rxg7+ Kxg7 40.
Nf5+ Kg6 41. Nxh6 e3+ 0-1

[Event "Tournoi Accession REUNION 2019"]
[Site "Le TAMPON- BRAS PANON- SAINT D"]
[Date "2019.06.10"]
[Round "5.5"]
[White "Play, Gilles"]
[Black "Ova, Roberto"]
[Result "1-0"]
[WhiteElo "1563"]
[BlackElo "1260"]
[PlyCount "111"]
[EventDate "2019.??.??"]

1. e4 c5 2. c3 e6 3. d4 d5 4. e5 c4 5. b3 b5 6. Ba3 Be7 7. Qf3 Nc6 8. bxc4 b4
9. Bb2 Qa5 10. c5 Ba6 11. Bxa6 Qxa6 12. Qe2 Qa5 13. Qd3 Rb8 14. Ne2 Bxc5 15.
dxc5 Nge7 16. Nd2 Nxe5 17. Qe3 N7c6 18. O-O Qc7 19. Nd4 Ng4 20. Qg3 Qxg3 21.
hxg3 Nxd4 22. cxd4 Kd7 23. Nb3 Nf6 24. f3 Ng8 25. Bc1 f6 26. Re1 Ne7 27. Bd2
Nc6 28. f4 a5 29. a4 f5 30. Kf2 h5 31. Rh1 g6 32. Ke2 Rh7 33. Kd3 Rbh8 34. Rh4
Rc8 35. Rb1 Rch8 36. Nc1 Rc8 37. Rb3 Rb8 38. Ne2 Rhh8 39. Ng1 Nd8 40. Nf3 Nf7
41. Rh1 Rbc8 42. Bxb4 axb4 43. Rxb4 Rhf8 44. Rhb1 Rc7 45. a5 Ra8 46. Ra1 Ra6
47. Rb6 Rca7 48. Rxa6 Rxa6 49. Kc3 Kc7 50. Kb4 Kc6 51. Ka4 Ra7 52. Rb1 Rb7 53.
Rb6+ Rxb6 54. axb6 Kb7 55. Kb5 Nd8 56. Ne5 1-0

[Event "Tournoi Accession REUNION 2019"]
[Site "Le TAMPON- BRAS PANON- SAINT D"]
[Date "2019.06.08"]
[Round "5.6"]
[White "Padre, Maxime"]
[Black "Landry, Paul"]
[Result "1-0"]
[WhiteElo "1499"]
[BlackElo "1199"]
[PlyCount "85"]
[EventDate "2019.??.??"]

1. b3 d5 2. Bb2 Nc6 3. e3 f6 4. f4 Bf5 5. Bb5 Qd6 6. Nf3 O-O-O 7. O-O a6 8.
Bxc6 Qxc6 9. Nd4 Qd7 10. Na3 Re8 11. c4 e6 12. Nxf5 Bxa3 13. Bxa3 exf5 14. Qc2
d4 15. Bc5 d3 16. Qc3 Ne7 17. Rac1 Nc6 18. Ba3 a5 19. Rb1 b6 20. b4 axb4 21.
Bxb4 Nxb4 22. Rxb4 Kb7 23. Rfb1 Ra8 24. a3 Ra6 25. c5 Rc8 26. Rc1 Qc6 27. Qxd3
Rca8 28. Rc3 Qe6 29. c6+ Kc8 30. Rd4 Qe8 31. Qxf5+ Kb8 32. Qd7 Qxd7 33. cxd7
Kb7 34. d8=Q Rxd8 35. Rxd8 c5 36. Rd7+ Kc6 37. Rxg7 b5 38. Rxh7 Ra4 39. Rh6 b4
40. axb4 Rxb4 41. Rxf6+ Kd5 42. Rf5+ Ke4 43. Re5# 1-0

[Event "Tournoi Accession REUNION 2019"]
[Site "Le TAMPON- BRAS PANON- SAINT D"]
[Date "2019.06.08"]
[Round "5.7"]
[White "Leonardy, Batiste"]
[Black "Eric Andriana, Fitia"]
[Result "1-0"]
[WhiteElo "1147"]
[BlackElo "1339"]
[PlyCount "129"]
[EventDate "2019.??.??"]

1. e4 e5 2. Nf3 Nc6 3. Bc4 Bc5 4. c3 Nf6 5. d3 O-O 6. O-O Be7 7. Re1 d6 8. h3
Be6 9. Bxe6 fxe6 10. Qb3 Qd7 11. Qxb7 Rfb8 12. Qa6 Nd8 13. d4 exd4 14. cxd4 Rb6
15. Qe2 Rab8 16. b3 Nc6 17. Nc3 d5 18. exd5 exd5 19. Na4 Rb5 20. Qe6+ Kf8 21.
Bf4 Rc8 22. Nc3 Rbb8 23. Qxd7 Nxd7 24. Nxd5 Rb7 25. Rac1 Ndb8 26. Re6 Nb4 27.
Nxe7 Re8 28. Rce1 Rd8 29. R1e5 g6 30. Bh6+ Ke8 31. Nc6+ Kd7 32. Nxd8 Kxd8 33.
Bg5+ Kd7 34. Re2 N8c6 35. Ne5+ Nxe5 36. R2xe5 Nc6 37. Re1 Rb6 38. Rf6 Rb4 39.
d5 Nd8 40. Re7+ Kc8 41. Rf8 Rd4 42. Ree8 Rd1+ 43. Kh2 Rxd5 44. Rxd8+ Rxd8 45.
Rxd8+ Kb7 46. Rd7 Kc6 47. Rxh7 Kb5 48. Rxc7 Kb4 49. Rxa7 Kc3 50. Be3 g5 51.
Rc7+ Kb4 52. a4 g4 53. hxg4 Ka5 54. g5 Ka6 55. g6 Ka5 56. g7 Ka6 57. g8=Q Ka5
58. Qa8+ Kb4 59. Qb8+ Ka3 60. a5 Kb2 61. a6 Kb1 62. a7 Ka1 63. a8=R+ Kb2 64.
Bd4+ Kb1 65. Ra1# 1-0

[Event "Tournoi Accession REUNION 2019"]
[Site "Le TAMPON- BRAS PANON- SAINT D"]
[Date "2019.06.08"]
[Round "5.8"]
[White "Eboue, Ihona"]
[Black "Neu, Jeannot"]
[Result "1-0"]
[WhiteElo "1259"]
[BlackElo "1741"]
[PlyCount "95"]
[EventDate "2019.??.??"]

1. d4 d5 2. Bf4 Nc6 3. Nf3 Bg4 4. e3 e6 5. Be2 h5 6. h3 Bxf3 7. Bxf3 g5 8. Bh2
Nf6 9. Nd2 Be7 10. c3 g4 11. hxg4 hxg4 12. Bxg4 Bd6 13. Bh3 Bxh2 14. Rxh2 e5
15. Qe2 e4 16. O-O-O Qd6 17. Rdh1 Ke7 18. Nf1 Rh7 19. Ng3 Kf8 20. Kb1 Ne7 21.
Qb5 b6 22. Qe2 Kg7 23. Bf5 Rxh2 24. Rxh2 Rg8 25. Bh3 Rh8 26. Rh1 c5 27. Rd1 c4
28. Rf1 Kg6 29. Nh1 Qh2 30. Ng3 Rxh3 31. gxh3 Nf5 32. Nxf5 Kxf5 33. Kc1 Kg5 34.
Qe1 Nh5 35. Rg1+ Kh6 36. Qf1 f5 37. Qg2 Qd6 38. Qg5+ Kh7 39. Qxh5+ Qh6 40.
Qxh6+ Kxh6 41. Kd1 Kh5 42. Ke2 Kh4 43. Rh1 f4 44. exf4 Kh5 45. Rg1 Kh4 46. f5
Kxh3 47. f6 Kh2 48. Rg8 1-0

[Event "Tournoi Accession REUNION 2019"]
[Site "Le TAMPON- BRAS PANON- SAINT D"]
[Date "2019.06.08"]
[Round "5.9"]
[White "Razafindrakoto, Sergio"]
[Black "Desire, Michael"]
[Result "0-1"]
[WhiteElo "1199"]
[BlackElo "1687"]
[PlyCount "66"]
[EventDate "2019.??.??"]

1. d4 Nf6 2. Bf4 d5 3. e3 c6 4. Nd2 Nbd7 5. c3 g6 6. Bd3 Bg7 7. Ngf3 O-O 8. O-O
Re8 9. Qc2 c5 10. b3 b6 11. e4 dxe4 12. Nxe4 Bb7 13. Rfe1 Rc8 14. Ned2 cxd4 15.
Nc4 Nd5 16. cxd4 Nxf4 17. Be4 Nd5 18. Bxd5 Bxd5 19. Qd3 Bxf3 20. Qxf3 Qc7 21.
Rad1 b5 22. Ne3 Nb6 23. a4 bxa4 24. bxa4 e6 25. a5 Nc4 26. Nxc4 Qxc4 27. d5
exd5 28. Rxe8+ Rxe8 29. h3 Re4 30. Qd3 Re1+ 31. Kh2 Qf4+ 32. Qg3 Qxg3+ 33. Kxg3
Rxd1 0-1

[Event "Tournoi Accession REUNION 2019"]
[Site "Le TAMPON- BRAS PANON- SAINT D"]
[Date "2019.06.10"]
[Round "5.10"]
[White "Fondrat, Thierry"]
[Black "Guillot, Yoann"]
[Result "1-0"]
[WhiteElo "1407"]
[BlackElo "1120"]
[PlyCount "35"]
[EventDate "2019.??.??"]

1. d4 Nf6 2. c4 g6 3. Nc3 Bg7 4. Nf3 O-O 5. e4 d6 6. h3 e5 7. d5 h6 8. Bd3 a5
9. Be3 Na6 10. a3 Bd7 11. Qd2 b6 12. Bxh6 Nc5 13. Be3 Nh7 14. g4 f6 15. Nh4 Kf7
16. O-O-O f5 17. g5 f4 18. Rdf1 {Notation incohérente} 1-0

[Event "Tournoi Accession REUNION 2019"]
[Site "Le TAMPON- BRAS PANON- SAINT D"]
[Date "2019.06.08"]
[Round "5.11"]
[White "Guillot, Tristan"]
[Black "Payet, Thomas"]
[Result "0-1"]
[WhiteElo "1154"]
[BlackElo "1372"]
[PlyCount "134"]
[EventDate "2019.??.??"]

1. e4 c5 2. Nf3 Nc6 3. d4 cxd4 4. Nxd4 e5 5. Nxc6 bxc6 6. Be3 Nf6 7. Nd2 d5 8.
Bd3 h6 9. exd5 Nxd5 10. Bc4 Nxe3 11. fxe3 Qb6 12. Qf3 f6 13. O-O-O h5 14. h3
Rb8 15. b3 a5 16. Ne4 c5 17. Rd3 Rb7 18. Rhd1 Rd7 19. Rxd7 Bxd7 20. a4 f5 21.
Ng5 e4 22. Bf7+ Ke7 23. Qe2 g6 24. Qc4 h4 25. Ne6 Bxe6 26. Bxe6 Qxe6 27. Qxc5+
Kf7 28. Qa7+ Kg8 29. Qxa5 Rh7 30. Qd5 Qxd5 31. Rxd5 Rh5 32. a5 Rg5 33. a6 Rxg2
34. a7 Rg1+ 35. Kb2 Bg7+ 36. Ka3 Ra1+ 37. Kb4 Rxa7 38. c4 Kf7 39. c5 Ke6 40.
Rd6+ Ke5 41. Kc4 Rc7 42. b4 Bf8 43. Rd5+ Ke6 44. Rd8 Be7 45. Re8 f4 46. Kd4 Rb7
47. Kxe4 Rxb4+ 48. Kf3 fxe3 49. Kxe3 Kd7 50. Rh8 Bxc5+ 51. Kf3 Ke7 52. Rc8 Rc4
53. Rc7+ Kf6 54. Rc6+ Kf5 55. Ra6 Rc3+ 56. Ke2 Rxh3 57. Ra5 Rc3 58. Kd2 Rc4 59.
Kd3 Rd4+ 60. Kc3 Rd5 61. Kc4 Ke5 62. Ra6 g5 63. Rh6 Bf2 64. Rh5 Ke4 65. Rh8
Rc5+ 66. Kb4 Rc3 67. Kxc3 Bd4+ 0-1

[Event "Tournoi Accession REUNION 2019"]
[Site "Le TAMPON- BRAS PANON- SAINT D"]
[Date "2019.06.08"]
[Round "5.12"]
[White "Eboue, Yuri"]
[Black "Lenoury, Djalil"]
[Result "1-0"]
[WhiteElo "1273"]
[BlackElo "1099"]
[PlyCount "83"]
[EventDate "2019.??.??"]

1. e4 e5 2. Nf3 Nc6 3. d4 exd4 4. Nxd4 Nxd4 5. Qxd4 Nf6 6. Bc4 b6 7. Bg5 Be7 8.
Nd2 Bb7 9. O-O Qc8 10. e5 Bc5 11. Qf4 Nd5 12. Bxd5 Bxd5 13. c4 Bb7 14. Rfe1 Bb4
15. a3 Bxd2 16. Qxd2 Rb8 17. Rad1 Ba8 18. f4 Bc6 19. f5 Qb7 20. e6 fxe6 21.
fxe6 O-O 22. exd7 b5 23. d8=Q Rbxd8 24. Bxd8 Qb6+ 25. Qd4 Qb8 26. Be7 Re8 27.
Bb4 Ba8 28. Rxe8+ Qxe8 29. Qd8 Qxd8 30. Rxd8+ Kf7 31. Rxa8 h5 32. Rxa7 bxc4 33.
Rxc7+ Kg8 34. Rxc4 g5 35. Rc7 g4 36. g3 h4 37. Kf2 hxg3+ 38. Kxg3 Kh8 39. Kxg4
Kg8 40. Kg5 Kh8 41. Kg6 Kg8 42. Rc8# 1-0

[Event "Tournoi Accession REUNION 2019"]
[Site "Le TAMPON- BRAS PANON- SAINT D"]
[Date "2019.06.08"]
[Round "5.14"]
[White "E, Maeva"]
[Black "Cavillot-Delestage, Raphael"]
[Result "0-1"]
[WhiteElo "1009"]
[BlackElo "1035"]
[PlyCount "66"]
[EventDate "2019.??.??"]

1. d4 d5 2. e3 Nc6 3. f4 Nf6 4. Bd3 Nb4 5. Be2 Bf5 6. Bd3 Ne4 7. c3 Nxd3+ 8.
Qxd3 e6 9. Qe2 Be7 10. Nd2 Bh4+ 11. Kf1 Qf6 12. Ngf3 Bg3 13. Nxe4 dxe4 14. hxg3
exf3 15. Qxf3 Bd3+ 16. Ke1 c6 17. e4 Ba6 18. e5 Qf5 19. Kf2 Qc2+ 20. Ke1 O-O-O
21. Bd2 c5 22. b3 cxd4 23. cxd4 Kb8 24. Qe3 Qb2 25. Bc3 Qxg2 26. Rg1 Qc2 27.
Bb4 Rxd4 28. Bd6+ Ka8 29. Rc1 Qxa2 30. Rd1 Rxd1+ 31. Kxd1 Rc8 32. Re1 Qb1+ 33.
Kd2 Qc2# 0-1

[Event "Tournoi Accession REUNION 2019"]
[Site "Le TAMPON- BRAS PANON- SAINT D"]
[Date "2019.06.08"]
[Round "5.15"]
[White "Grasperge, Evelyne"]
[Black "Parame, Bruno"]
[Result "1/2-1/2"]
[WhiteElo "1037"]
[BlackElo "1399"]
[PlyCount "83"]
[EventDate "2019.??.??"]

1. c4 c5 2. Nc3 Nf6 3. e4 e5 4. d3 Be7 5. g3 Nc6 6. Be3 b6 7. Bg2 d6 8. Nf3 h6
9. O-O Bg4 10. Qd2 O-O 11. Nd5 Be6 12. Rfe1 a5 13. b3 Nb4 14. a3 Nc6 15. Bxh6
Ng4 16. Nxe7+ Qxe7 17. Bxg7 f6 18. Bxf6 Qxf6 19. h3 Nh6 20. Nh4 Kf7 21. Qe2 Qg7
22. Nf5 Nxf5 23. Qh5+ Ke7 24. exf5 Bd7 25. Re4 Rh8 26. Qg6 Qf8 27. Rh4 Rxh4 28.
gxh4 Nd4 29. Bd5 Ne2+ 30. Kh1 Nf4 31. Qf7+ Qxf7 32. Bxf7 Kxf7 33. Kh2 Nxd3 34.
Rd1 e4 35. Kg3 Bxf5 36. Rd2 Kg6 37. Re2 Kh5 38. f3 exf3 39. Kxf3 Bxh3 40. Kg3
Bg4 41. Re7 Bf5 42. Rg7 1/2-1/2

[Event "Tournoi Accession REUNION 2019"]
[Site "Le TAMPON- BRAS PANON- SAINT D"]
[Date "2019.06.10"]
[Round "5.16"]
[White "Alleman, Robin"]
[Black "Erudel, Irina"]
[Result "1-0"]
[WhiteElo "1127"]
[BlackElo "1009"]
[PlyCount "87"]
[EventDate "2019.??.??"]

1. e4 e6 2. d4 d5 3. exd5 exd5 4. Nf3 Bd6 5. c4 c6 6. c5 Qe7+ 7. Be2 Bc7 8. O-O
Nf6 9. Nc3 O-O 10. Bd3 Bg4 11. h3 Bh5 12. Bc2 Nbd7 13. Re1 Qd8 14. Bg5 Re8 15.
Qd2 h6 16. Bh4 b6 17. b4 bxc5 18. bxc5 Rb8 19. Rxe8+ Qxe8 20. Re1 Qf8 21. Qd3
g6 22. g4 Qg7 23. Ne2 g5 24. gxh5 Rb2 25. Bg3 Ba5 26. Rb1 Rxa2 27. Rb7 Ra1+ 28.
Bb1 a6 29. Qxa6 Ne4 30. Kg2 Bd2 31. Qxa1 Ndf6 32. Nxd2 Nxd2 33. Rb8+ Ne8 34.
Rxe8+ Qf8 35. Rxf8+ Kxf8 36. Qa8+ Kg7 37. Bc2 Ne4 38. Bxe4 dxe4 39. Be5+ Kh7
40. d5 cxd5 41. c6 f6 42. Qa7+ Kg8 43. c7 fxe5 44. c8=Q# 1-0

[Event "Tournoi Accession REUNION 2019"]
[Site "Le TAMPON- BRAS PANON- SAINT D"]
[Date "2019.06.10"]
[Round "5.17"]
[White "Jeanne, Evane"]
[Black "Giraud, Dimitri"]
[Result "0-1"]
[WhiteElo "1009"]
[BlackElo "1199"]
[PlyCount "90"]
[EventDate "2019.??.??"]

1. e4 e5 2. Nf3 Nc6 3. Bc4 Nf6 4. Nc3 Bc5 5. d3 O-O 6. O-O a6 7. a4 Qe8 8. Bg5
Na5 9. b3 Nxc4 10. bxc4 Bb4 11. Na2 Be7 12. Nxe5 Qd8 13. Nf3 Ne8 14. Qd2 Bxg5
15. Nxg5 Nf6 16. Rfe1 d6 17. Qf4 Bd7 18. Rab1 Rb8 19. Re3 b5 20. axb5 axb5 21.
cxb5 Bxb5 22. Rf3 Bxd3 23. Nb4 Bxc2 24. Re1 Rxb4 25. Qh4 Bxe4 26. Rxf6 Qxf6 27.
h3 Rb1 28. Rxb1 Bxb1 29. Kh2 h6 30. f4 hxg5 31. fxg5 Qg6 32. Qg4 f6 33. h4 fxg5
34. hxg5 Rf5 35. Qc4+ d5 36. Qxc7 Qxg5 37. Qc8+ Rf8 38. Qe6+ Kh8 39. Qh3+ Qh6
40. Qxh6+ gxh6 41. Kh3 d4 42. Kg3 d3 43. Kh4 d2 44. g4 d1=Q 45. Kh5 Kh7 0-1

[Event "TOURNOI ACCESSION 2019"]
[Site "?"]
[Date "2019.06.10"]
[Round "5"]
[White "GALLET, FLAVIEN."]
[Black "MOHAMED, KEEZIAH."]
[Result "1/2-1/2"]
[WhiteElo "1275"]
[BlackElo "1034"]
[PlyCount "116"]
[EventDate "2019.??.??"]

1. e4 c5 2. Bc4 Nc6 3. Nf3 e6 4. c3 d5 5. Bb5 Bd7 6. Bxc6 Bxc6 7. exd5 exd5 8.
d4 h6 9. O-O Nf6 10. Nbd2 Be7 11. Re1 O-O 12. Nf1 Rc8 13. Be3 Ne4 14. dxc5 Nxc5
15. Ne5 Qb6 16. Ng4 Bd6 17. Nxh6+ Kh7 18. Qc2+ g6 19. b4 Bd7 20. bxc5 Bxc5 21.
Bxc5 Qxc5 22. Qd2 Be6 23. Qf4 Qc4 24. Qxc4 Rxc4 25. h3 Kxh6 26. Rab1 b6 27. Re3
Rd8 28. Nd2 Ra4 29. Rb2 d4 30. cxd4 Bxa2 31. Nf3 Bd5 32. Ne5 Rxd4 33. Rb5 Kg7
34. Ra3 Re4 35. Ng4 Bc6 36. Rb2 Ra4 37. Rc3 Ba8 38. Rc7 Rb8 39. Re2 b5 40. Ree7
Bd5 41. Ne5 Rf8 42. Rc5 Bc4 43. Nxc4 Rxc4 44. Rxb5 Ra8 45. Rbb7 a5 46. Rxf7+
Kh6 47. Rh7+ Kg5 48. Rb5+ Kf6 49. Rb6+ Kg5 50. h4+ Kf5 51. Rf7+ Ke5 52. f4+
Rxf4 53. Rxf4 Kxf4 54. Rxg6 a4 55. Rb6 a3 56. Rb1 Kg4 57. Ra1 Kxh4 58. Kh2 a2
1/2-1/2

[Event "Tournoi Accession REUNION 2019"]
[Site "Le TAMPON- BRAS PANON- SAINT D"]
[Date "2019.06.08"]
[Round "5.11"]
[White "Guillot, Tristan"]
[Black "Payet, Thomas"]
[Result "0-1"]
[WhiteElo "1154"]
[BlackElo "1372"]
[PlyCount "132"]
[EventDate "2019.??.??"]

1. e4 c5 2. Nf3 Nc6 3. d4 cxd4 4. Nxd4 e5 5. Nxc6 bxc6 6. Be3 Nf6 7. Nd2 d5 8.
Bd3 h6 9. exd5 Nxd5 10. Bc4 Nxe3 11. fxe3 Qb6 12. Qf3 f6 13. O-O-O h5 14. h3
Rb8 15. b3 a5 16. Ne4 c5 17. Rd3 Rb7 18. Rhd1 Rd7 19. Rxd7 Bxd7 20. a4 f5 21.
Ng5 e4 22. Bf7+ Ke7 23. Qe2 g6 24. Qc4 h4 25. Ne6 Bxe6 26. Bxe6 Qxe6 27. Qxc5+
Kf7 28. Qa7+ Kg8 29. Qxa5 Rh7 30. Qd5 Qxd5 31. Rxd5 Rh5 32. a5 Rg5 33. a6 Rxg2
34. a7 Rg1+ 35. Kb2 Bg7+ 36. Ka3 Ra1+ 37. Kb4 Rxa7 38. c4 Kf7 39. c5 Ke6 40.
Rd6+ Ke7 41. Kc4 Rc7 42. b4 Bf8 43. Rd5 Ke6 44. Rd8 Be7 45. Re8 f4 46. Kd4 Rb7
47. Kxe4 Rxb4+ 48. Kf3 fxe3 49. Kxe3 Kf7 50. Rh8 Bxc5+ 51. Kf3 Kg7 52. Rc8 Rc4
53. Rc7+ Kf6 54. Rc6+ Kf5 55. Ra6 Rc3+ 56. Ke2 Rxh3 57. Ra5 Rc3 58. Kd2 Rc4 59.
Kd3 Rd4+ 60. Kc3 Rd5 61. Kc4 Ke4 62. Ra6 g5 63. Rh6 Bf2 64. Rh8 Rc5+ 65. Kb4
Rc3 66. Kxc3 Bd4+ 0-1

[Event "Tournoi Accession REUNION 2019"]
[Site "Le TAMPON- BRAS PANON- SAINT D"]
[Date "2019.06.10"]
[Round "6.1"]
[White "Fondrat, Johan"]
[Black "Pun Chung, Leo"]
[Result "0-1"]
[WhiteElo "1404"]
[BlackElo "1629"]
[PlyCount "56"]
[EventDate "2019.??.??"]

1. e4 c5 2. Nf3 d6 3. Bc4 Nf6 4. d3 g6 5. O-O Bg7 6. Be3 O-O 7. h3 Nc6 8. Nbd2
b6 9. a3 Bb7 10. Rb1 e6 11. b4 d5 12. exd5 exd5 13. Ba2 cxb4 14. axb4 d4 15.
Bg5 h6 16. Bf4 Ne7 17. Re1 Ned5 18. Bxd5 Nxd5 19. Be5 Bxe5 20. Nxe5 Nc3 21. Qc1
Nxb1 22. Qxb1 Qd5 23. Ndf3 Qd6 24. Nh2 Rfe8 25. Nhg4 Kg7 26. Qc1 g5 27. Qd2 f5
28. Nxh6 Qxh6 0-1

[Event "Tournoi Accession REUNION 2019"]
[Site "Le TAMPON- BRAS PANON- SAINT D"]
[Date "2019.06.10"]
[Round "6.2"]
[White "Dace, Jean Emeric"]
[Black "Grondin, Marine"]
[Result "1-0"]
[WhiteElo "1650"]
[BlackElo "1412"]
[PlyCount "109"]
[EventDate "2019.??.??"]

1. Nf3 d5 2. g3 Bf5 3. Bg2 Nf6 4. d3 e6 5. Nbd2 Bd6 6. O-O O-O 7. h3 c5 8. Nh4
Bg6 9. Nxg6 fxg6 10. e4 Nbd7 11. exd5 exd5 12. c4 Nb6 13. cxd5 Rb8 14. Ne4
Nfxd5 15. Nxd6 Qxd6 16. Qb3 Kh8 17. a4 Nb4 18. Bf4 Qxd3 19. Qxd3 Nxd3 20. Bxb8
Rxb8 21. a5 Nc4 22. b3 Nce5 23. Rad1 Nb4 24. Bxb7 h6 25. a6 Rf8 26. Be4 Kh7 27.
Rd6 Rf6 28. Rxf6 gxf6 29. Rd1 Nxa6 30. Ra1 Nb4 31. Rxa7+ Kg8 32. f4 Nec6 33.
Rc7 Nd4 34. Bxg6 Nxb3 35. Bf7+ Kf8 36. Bxb3 Nd3 37. Rf7+ Ke8 38. Rxf6 Nc1 39.
Ba4+ Ke7 40. Rxh6 Ne2+ 41. Kf2 Nd4 42. Ra6 Kf7 43. g4 Ke7 44. h4 Ne6 45. Ke3
Nd4 46. h5 Kf7 47. Ra5 Kf6 48. Rxc5 Ne6 49. Rc6 Ke7 50. h6 Nd8 51. h7 Nf7 52.
Rc7+ Kf6 53. Rxf7+ Kxf7 54. h8=Q Kg6 55. Be8# 1-0

[Event "Tournoi Accession REUNION 2019"]
[Site "Le TAMPON- BRAS PANON- SAINT D"]
[Date "2019.06.10"]
[Round "6.3"]
[White "Frelicot, Eric"]
[Black "Padre, Maxime"]
[Result "0-1"]
[WhiteElo "1625"]
[BlackElo "1499"]
[PlyCount "82"]
[EventDate "2019.??.??"]

1. c4 e6 2. Nc3 Bb4 3. a3 Bxc3 4. bxc3 Nf6 5. d3 b6 6. e4 d6 7. Nf3 Nbd7 8. Bg5
Bb7 9. Be2 O-O 10. O-O e5 11. Nd2 Re8 12. Qc2 Nf8 13. f4 h6 14. Bh4 exf4 15.
Bxf6 Qxf6 16. Rf2 Ng6 17. Raf1 Bc8 18. Bh5 Re5 19. Bxg6 Qxg6 20. Rxf4 Ra5 21.
Nf3 Be6 22. Nd4 Bd7 23. Qf2 Rf8 24. Nf5 Bxf5 25. exf5 Qf6 26. Qb2 Re8 27. d4
Re7 28. Qc1 Re2 29. R4f2 Rxf2 30. Rxf2 Rxf5 31. Qe1 Rxf2 32. Qxf2 Qxf2+ 33.
Kxf2 f5 34. Ke3 Kf7 35. h3 Kf6 36. g4 fxg4 37. hxg4 Kg5 38. Kf3 h5 39. Kg3 hxg4
40. a4 a5 41. d5 g6 0-1

[Event "Tournoi Accession REUNION 2019"]
[Site "Le TAMPON- BRAS PANON- SAINT D"]
[Date "2019.06.10"]
[Round "6.4"]
[White "Le Maguet, Loan"]
[Black "Leonardy, Batiste"]
[Result "1-0"]
[WhiteElo "1563"]
[BlackElo "1147"]
[PlyCount "79"]
[EventDate "2019.??.??"]

1. e4 c5 2. Nf3 d6 3. d3 Nf6 4. Nbd2 g6 5. g3 Bg7 6. Bg2 Nc6 7. O-O O-O 8. c3
Bg4 9. Re1 e5 10. Nc4 Re8 11. Ne3 Bd7 12. Nh4 Qc8 13. Nc4 Qc7 14. f4 Bg4 15.
Bf3 Bxf3 16. Qxf3 b5 17. Ne3 exf4 18. gxf4 Nh5 19. Bd2 b4 20. Qf2 Qd8 21. Nd5
bxc3 22. bxc3 Ne7 23. Nxe7+ Qxe7 24. Ng2 Nf6 25. Ne3 Nd7 26. Nd5 Qd8 27. Rab1
Nb6 28. c4 Nxd5 29. cxd5 Bd4 30. Be3 Bxe3 31. Qxe3 Qa5 32. Re2 f6 33. Reb2 Re7
34. Qh3 Qd8 35. Rb7 a5 36. f5 Qf8 37. fxg6 hxg6 38. R1b6 Rxb7 39. Rxb7 Rb8 40.
Qh7# 1-0

[Event "Tournoi Accession REUNION 2019"]
[Site "Le TAMPON- BRAS PANON- SAINT D"]
[Date "2019.06.10"]
[Round "6.5"]
[White "Desire, Michael"]
[Black "Play, Gilles"]
[Result "1/2-1/2"]
[WhiteElo "1687"]
[BlackElo "1563"]
[PlyCount "59"]
[EventDate "2019.??.??"]

1. e4 e5 2. d4 exd4 3. Qxd4 Nc6 4. Qe3 g6 5. Bd2 Bg7 6. Nc3 Nge7 7. O-O-O O-O
8. h4 d5 9. Nxd5 Nxd5 10. exd5 Qxd5 11. Kb1 Be6 12. c4 Qe5 13. Bc1 Rad8 14. Re1
Qxe3 15. Bxe3 Bf5+ 16. Ka1 Nb4 17. Rc1 Nc2+ 18. Rxc2 Bxc2 19. Be2 Rd7 20. Bg4
f5 21. Bf3 c6 22. Nh3 Be4 23. Bxe4 fxe4 24. Ng5 Rfd8 25. Kb1 Rd1+ 26. Rxd1
Rxd1+ 27. Kc2 Rd7 28. Nxe4 b6 29. b3 c5 30. Bf4 1/2-1/2

[Event "Tournoi Accession REUNION 2019"]
[Site "Le TAMPON- BRAS PANON- SAINT D"]
[Date "2019.06.10"]
[Round "6.6"]
[White "Payet, Thomas"]
[Black "Larmet, Nino"]
[Result "0-1"]
[WhiteElo "1372"]
[BlackElo "1553"]
[PlyCount "64"]
[EventDate "2019.??.??"]

1. Nf3 Nf6 2. d4 d5 3. Bf4 c5 4. h3 Nc6 5. c3 Qb6 6. Qb3 c4 7. Qxb6 axb6 8.
Nbd2 Bf5 9. e3 b5 10. Ne5 Nxe5 11. Bxe5 Nd7 12. Nf3 e6 13. Be2 b4 14. O-O f6
15. Bc7 b5 16. Ne1 bxc3 17. bxc3 b4 18. Nf3 bxc3 19. Rfc1 Ba3 20. Rxc3 Bb2 21.
Rac1 Bxc3 22. Rxc3 Rxa2 23. Bf1 Ra1 24. Bd6 Bd3 25. Nd2 Kf7 26. Rxd3 cxd3 27.
Kh2 Rd1 28. Bb4 Rb8 29. Bc3 Rxd2 30. Bxd2 Rb2 31. Bxd3 Rxd2 32. Bxh7 g6 0-1

[Event "Tournoi Accession REUNION 2019"]
[Site "Le TAMPON- BRAS PANON- SAINT D"]
[Date "2019.06.10"]
[Round "6.7"]
[White "Eboue, Yuri"]
[Black "Fondrat, Thierry"]
[Result "1-0"]
[WhiteElo "1273"]
[BlackElo "1407"]
[PlyCount "79"]
[EventDate "2019.??.??"]

1. e4 e5 2. Nf3 Nc6 3. d4 exd4 4. Nxd4 d6 5. Bb5 Bd7 6. Bxc6 bxc6 7. Nc3 Nf6 8.
Bf4 Be7 9. O-O O-O 10. Re1 c5 11. Nf5 Re8 12. Nxe7+ Qxe7 13. Bg5 Bc6 14. f3 h6
15. Bh4 Qe5 16. Bg3 Qe6 17. e5 dxe5 18. Rxe5 Qd6 19. Rxe8+ Rxe8 20. Bxd6 Rd8
21. Qe2 Rxd6 22. Rd1 Re6 23. Qc4 Re5 24. Qa6 Bd7 25. Qxa7 Rg5 26. Qxc7 Bh3 27.
g3 Be6 28. Ne4 Rf5 29. Nxf6+ Rxf6 30. f4 Rf5 31. Re1 Rd5 32. a4 c4 33. a5 Rd7
34. Qb6 Rd2 35. a6 Bd5 36. a7 Rg2+ 37. Kf1 Rxc2 38. Qb8+ Kh7 39. a8=Q Bxa8 40.
Qxa8 1-0

[Event "Tournoi Accession REUNION 2019"]
[Site "Le TAMPON- BRAS PANON- SAINT D"]
[Date "2019.06.10"]
[Round "6.8"]
[White "Ova, Roberto"]
[Black "Laoussing, Mathis"]
[Result "1-0"]
[WhiteElo "1260"]
[BlackElo "1392"]
[PlyCount "45"]
[EventDate "2019.??.??"]

1. d4 c5 2. d5 Nf6 3. c4 e6 4. dxe6 fxe6 5. Bg5 Be7 6. Nc3 Nc6 7. Nf3 d5 8.
cxd5 exd5 9. Bxf6 Bxf6 10. Nxd5 Bxb2 11. Rb1 Bd4 12. Nxd4 Nxd4 13. e4 O-O 14.
Bc4 Be6 15. O-O Qh4 16. Qd3 Rf7 17. f4 Nf5 18. exf5 Bxf5 19. Ne7+ Qxe7 20. Qxf5
Raf8 21. Rbe1 Qd8 22. Kh1 Qd4 23. Qxf7+ 1-0

[Event "Tournoi Accession REUNION 2019"]
[Site "Le TAMPON- BRAS PANON- SAINT D"]
[Date "2019.06.10"]
[Round "6.9"]
[White "Eric Andriana, Fitia"]
[Black "Eboue, Ihona"]
[Result "0-1"]
[WhiteElo "1339"]
[BlackElo "1259"]
[PlyCount "100"]
[EventDate "2019.??.??"]

1. e4 d5 2. exd5 Nf6 3. Nc3 Nxd5 4. Nf3 Bf5 5. d3 e6 6. Be2 Nc6 7. O-O Be7 8.
Bd2 Nb6 9. Re1 O-O 10. Bf1 Bg4 11. h3 Bh5 12. Be3 Bf6 13. Rb1 Nd4 14. Bxd4 Bxd4
15. Ne4 Qd5 16. Be2 Bg6 17. Nxd4 Qxd4 18. Bf3 c6 19. Qd2 Nd5 20. Nd6 Qb6 21.
Nc4 Qc7 22. Ne5 Bf5 23. h4 h6 24. g3 Rad8 25. Kg2 f6 26. Nc4 e5 27. Rh1 Ne7 28.
Qc3 Nd5 29. Qd2 Ne7 30. Qe2 Be6 31. Rbg1 Nf5 32. c3 Bd5 33. g4 Ne7 34. Bxd5+
Nxd5 35. Kf1 Nf4 36. Qc2 Rxd3 37. g5 Rfd8 38. f3 Rxf3+ 39. Ke1 Nd3+ 40. Kd1
Nb4+ 41. Nd2 Nxc2 42. gxh6 Rd7 43. Rxg7+ Rxg7 44. hxg7 Rg3 45. Kxc2 Qxg7 46. h5
Qh6 47. Nf1 Rg2+ 48. Kb3 Qc1 49. h6 Qxb2+ 50. Kc4 Qb5# 0-1

[Event "Tournoi Accession REUNION 2019"]
[Site "Le TAMPON- BRAS PANON- SAINT D"]
[Date "2019.06.10"]
[Round "6.10"]
[White "Neu, Jeannot"]
[Black "Landry, Paul"]
[Result "1-0"]
[WhiteElo "1741"]
[BlackElo "1199"]
[PlyCount "85"]
[EventDate "2019.??.??"]

1. d4 Nf6 2. c4 g6 3. Nf3 Bg7 4. Nc3 O-O 5. e4 d6 6. Bd3 e5 7. O-O exd4 8. Nxd4
Re8 9. Bd2 c5 10. Ndb5 a6 11. Na3 Nc6 12. Bg5 Ne5 13. Nd5 Be6 14. f4 Ned7 15.
f5 Bxd5 16. exd5 Qb6 17. fxg6 hxg6 18. Qc2 Nh7 19. Bf4 Ne5 20. Rab1 Nxd3 21.
Qxd3 a5 22. b3 Bd4+ 23. Kh1 Be5 24. Nb5 Bxf4 25. Rxf4 Re5 26. Rbf1 Rc8 27. Rxf7
Rg5 28. Rd7 Nf8 29. Rxd6 Qxd6 30. Nxd6 Rc7 31. h3 Re5 32. Rxf8+ Kxf8 33. Qxg6
Re1+ 34. Kh2 Rf1 35. Qh6+ Rg7 36. Qe6 Re7 37. Qc8+ Kg7 38. Nf5+ Rxf5 39. Qxf5
Rf7 40. Qg5+ Kf8 41. d6 Ke8 42. Qxc5 Kf8 43. d7+ 1-0